Представление документа в формате RUSMARC

ПолеНазваниеЗначение
  Тип записи a
  Библиографический уровень m
001 Контрольный номер a6f92526ddf745958f273d4a33eb3557
005 Дата корректировки 20140616154751.1
010 Индекс ISBN __
a ISBN 0234-543-9-52
200 Заглавие и сведения об ответственности 1_
a Заглавие Как заполнить и сдать налоговую декларацию за 2002 год?
e Сведения, относящиеся к заглавию Как оформить налоговые вычеты и вернуть деньги из казны?:Практ.реком.для налогоплательщиков...
f Первые сведения об ответственности Попова Т.А.
210 Выходные данные 1_
a Место издания М.
c Издательство Главбух
d Дата издания 2003
215 Физическое описание __
a Объем 60 с.
225 Серия 2_
a Серия Бухгалтерская панорама
610 Ключевые слова 0_
a Ключевые слова налоги
610 Ключевые слова 0_
a Ключевые слова налоговая декларация
610 Ключевые слова 0_
a Ключевые слова как заполнить
610 Ключевые слова 0_
a Ключевые слова практические рекомендации
686 Индексы других классификаций __
a Классификационный индекс 65.9(2)261.413
2 Код системы rubbk
686 Индексы других классификаций __
a Классификационный индекс 67.622.2
2 Код системы rubbk
700 Автор _1
a Фамилия Попова Т.А.
801 Источник записи _0
a Страна RU
b Организация РУК
c Дата составления 20030627
g Правила каталогизации PSBO
801 Источник записи _1
a Страна RU
b Организация РУК
c Дата составления 20030627
g Правила каталогизации PSBO
852 Данные о местонахождении __
i Авторский знак П58
j Шифр хранения ББК 65.9(2)26
901 Тип документа __
t Тип документа m
938 Служебная информация __
a Название организации Головной вуз
b Имя БД BOOK
c Название АИБС АИБС ИРБИС